Je Portugalsko malý štát?

Kvantitatívne a kvalitatívne charakteristiky Portugalska. Postavenie Portugalska zaraďovaného vo väčšine prípadov do skupiny tzv. malých štátov. Komparatívne prednosti Portugalska, vychádzajúce z troch základných fundamentov - historickej identity, osvojenia si európskych hodnôt a univerzalizmu.

Na minha lista:
Detalhes bibliográficos
Autor principal: Rusiňák, Peter
Formato: Capítulo de Livro
Idioma:eslovaco
Assuntos:
Tags: Adicionar Tag
Sem tags, seja o primeiro a adicionar uma tag!

MARC

LEADER 00000naa$a2200000$$$4500
001 0038431
005 20240502071500.0
041 0 |a slo 
044 |a SK 
245 1 0 |a Je Portugalsko malý štát?  |c Peter Rusiňák 
520 |a Kvantitatívne a kvalitatívne charakteristiky Portugalska. Postavenie Portugalska zaraďovaného vo väčšine prípadov do skupiny tzv. malých štátov. Komparatívne prednosti Portugalska, vychádzajúce z troch základných fundamentov - historickej identity, osvojenia si európskych hodnôt a univerzalizmu. 
610 2 0 |a Portugalsko 
610 2 0 |a história 
610 2 0 |a vzťahy hospodárske medzinárodné 
610 2 0 |a vzťahy ekonomické 
610 2 0 |a politika medzinárodná 
100 1 |a Rusiňák, Peter